Dentistry - Statistics

General Stats
  • This quiz has been taken 11 times
  • The average score is 4 of 5
Answer Stats
Question Answer % Correct
How often should you brush your teeth? Twice a day
100%
What is a cavity A small whole in your tooth
89%
What causes a cavity plack
89%
Who is a dentist an oral hygiene helper
56%
How often should you replace your tooth brush? Every 3 months
56%
No matching quizzes found
Score Distribution
Percent of People with Each Score
Percentile by Number Answered
Your Score History
You have not taken this quiz